00750cam a2200181 450000500170000000800410001702000150005805000220007310000210009524500520011624602020016825000110037026000400038130000130042150400390043465000400047365000550051320250905122952.0030815s2001 ag 000 0 spa u a950679288700aKHA3022bC47 20011 aCesario, Roberto10aHábeas data :bLey 25.326 /cRoberto Cesario. aHábeas data b : Ley 25.326 : Régimen de los bancos de datos. Datos informáticos sobre la persona. Derechos de los titulares. Acción protectoria : Doctrina - Jurisprudencia - Legislación a1a ed. aBuenos Aires :bUniversidad, c2001 a375 p. ; aBibliografía : páginas 365-375 7aDerecho a la privacidad zArgentina 7aProtección de datos xLegislación zArgentina